Levél a szerkesztőhöz ! : Kedves barátom

List, v ktorom riaditeľ židovskej obecnej školy verejne ďakuje priateľovi za sprostredkovanie finančného daru pre školu. Dar je od Sándorné Ungár z New Yorku.

Podrobná bibliografia
Hlavný autor: Lengyel, Samuel (Author)
Médium: Článok
Jazyk:Hungarian
Témy:
Zdroj: 1. Felvidéki Hirlap 1. Roč. 5, č. 8 (03.03.1912) s. 3
LEADER 01018nab#a2200337#ar4500
001 000073902
003 SVKKK
005 20040312xxxxxxx.
008 06 c xo huno
FMT
038 |a SVKKK 
040 |a SVKKK  |b slo  |e AACR2 
041 0 |a hun 
044 |a xo  |c SK 
080 |a 296 
100 1 |a Lengyel, Samuel  |4 aut 
242 1 0 |a List adresovaný redaktorovi! 
245 1 0 |a Levél a szerkesztőhöz ! :  |b Kedves barátom  |c Samuel Lengyel 
500 |a Samu 
500 |a mikrofilm 
520 2 |a List, v ktorom riaditeľ židovskej obecnej školy verejne ďakuje priateľovi za sprostredkovanie finančného daru pre školu. Dar je od Sándorné Ungár z New Yorku. 
650 0 4 |a listy - dar finančný - poďakovanie verejné - Humenné - rok 1912 - správy 
773 0 |t Felvidéki Hirlap  |g Roč. 5, č. 8 (03.03.1912) s. 3 
957 |a Humenné 
957 |a New York (UA) 
958 |a DG 
958 |a SK 
974 |a Ba  |d 20040312 
992 |a RBX 
BAS
998 |a RETRO